[Event "Madrid-ch Previa A"]
[Site "Madrid"]
[Date "2023.02.21"]
[Round "8.6"]
[White "Vukotic Jovsic, Dragan"]
[Black "Marin Aso, Jose Luis"]
[Result "1/2-1/2"]
[WhiteElo "1746"]
[BlackElo "1865"]
[PlyCount "26"]
[EventDate "2023.02.06"]
[EventType "swiss"]
[EventRounds "9"]
[EventCountry "ESP"]
[SourceTitle "EXT 2024"]
[Source "ChessBase"]
[SourceDate "2023.10.10"]
[SourceVersion "1"]
[SourceVersionDate "2023.10.10"]
[SourceQuality "1"]

1. d4 Nf6 2. Nf3 g6 3. Bf4 c5 4. c3 Qb6 5. Qd2 Bg7 6. h3 0-0 7. e3 Ne4 8. Qc2 d5 9. Nbd2 cxd4 10. exd4 Nxd2 11. Qxd2 Nd7 12. Bd3 Nf6 13. 0-0-0 Bd7 1/2-1/2

[Event "Madrid-ch Previa A"]
[Site "Madrid"]
[Date "2023.02.13"]
[Round "4.4"]
[White "Rodriguez Garcia, Jose Maria"]
[Black "Vukotic Jovsic, Dragan"]
[Result "1/2-1/2"]
[WhiteElo "1977"]
[BlackElo "1746"]
[PlyCount "183"]
[EventDate "2023.02.06"]
[EventType "swiss"]
[EventRounds "9"]
[EventCountry "ESP"]
[SourceTitle "EXT 2024"]
[Source "ChessBase"]
[SourceDate "2023.10.10"]
[SourceVersion "1"]
[SourceVersionDate "2023.10.10"]
[SourceQuality "1"]

1. Nf3 d5 2. d4 Nf6 3. e3 c5 4. c3 e6 5. Bd3 Bd6 6. Nbd2 Nc6 7. 0-0 0-0 8. dxc5 Bxc5 9. e4 e5 10. Qc2 Bg4 11. exd5 Qxd5 12. Ng5 h6 13. Nge4 Nxe4 14. Nxe4 Bb6 15. h3 Rad8 16. Nf6+ gxf6 17. Bh7+ Kg7 18. hxg4 Ne7 19. Be4 Qd7 20. Qe2 Rh8 21. Qf3 Ng6 22. g3 Ne7 23. a4 a5 24. Kg2 h5 25. gxh5 Rxh5 26. Qxh5 Rh8 27. Qxh8+ Kxh8 28. Rh1+ Kg7 29. Bh6+ Kg8 30. Rad1 Qc8 31. Rh5 Qg4 32. Bf3 Qg6 33. Rd2 e4 34. Be2 Nf5 35. Bf4 e3 36. Rd5 Ng7 37. Rh1 exf2 38. Bd3 f5 39. Rh6 f1Q+ 40. Bxf1 Qg4 41. Rxb6 Ne6 42. Rxe6 fxe6 43. Rd8+ Kf7 44. Be5 Qe4+ 45. Kh2 Qxe5 46. Rd7+ Kg6 47. Rxb7 Qh8+ 48. Kg1 Qc8 49. Rb5 Qc7 50. Kh2 f4 51. Bd3+ Kf6 52. g4 f3+ 53. Kh3 Qf4 54. g5+ Kg7 55. Rb7+ Kf8 56. g6 Qd2 57. Rf7+ Kg8 58. Rxf3 Qxb2 59. Bc4 Qb6 60. Kg2 Kg7 61. Bd3 Qc6 62. Bb5 Qe4 63. Bd3 Qd5 64. Kg3 Qg5+ 65. Kf2 Qd2+ 66. Kg3 Qxc3 67. Bb5 Qe5+ 68. Kg2 Kxg6 69. Be8+ Kg7 70. Rf7+ Kg8 71. Rf3 Qd5 72. Kf2 Qd4+ 73. Kg2 e5 74. Bb5 e4 75. Rg3+ Kf8 76. Kh3 Ke7 77. Rg2 Kf6 78. Re2 Qc3+ 79. Kg2 Qf3+ 80. Kg1 Ke5 81. Kh2 e3 82. Kg1 Kf4 83. Kh2 Qg3+ 84. Kh1 Kf3 85. Rc2 Qe1+ 86. Kh2 Qd2+ 87. Rxd2 exd2 88. Be8 Kf2 89. Bh5 Ke1 90. Kg3 d1Q 91. Bxd1 Kxd1 92. Kf2 1/2-1/2

[Event "Madrid-ch Seniors 50"]
[Site "Madrid"]
[Date "2022.04.07"]
[Round "9"]
[White "Vukotic Jovsic, Dragan"]
[Black "Sanchez Peral, Pedro"]
[Result "1-0"]
[WhiteElo "1834"]
[BlackElo "1797"]
[PlyCount "45"]
[EventDate "2022.03.28"]
[EventType "swiss"]
[EventRounds "9"]
[EventCountry "ESP"]
[SourceTitle "EXT 2023"]
[Source "ChessBase"]
[SourceDate "2022.10.05"]
[SourceVersion "1"]
[SourceVersionDate "2022.10.05"]
[SourceQuality "1"]

1. d4 Nf6 2. Bf4 d5 3. Nf3 g6 4. e3 Bg7 5. Be2 0-0 6. h3 c5 7. c3 Qb6 8. Qb3 Qxb3 9. axb3 cxd4 10. exd4 Nc6 11. Na3 a6 12. 0-0 Bf5 13. b4 b5 14. Rfd1 Rfe8 15. Ne5 Rec8 16. Nxc6 Rxc6 17. Nxb5 Bc2 18. Rdc1 Bb3 19. Nc7 Ra7 20. Nxa6 Re6 21. Nc5 Rxa1 22. Rxa1 Rxe2 23. Ra8+ 1-0

[Event "Madrid-ch Previa-B"]
[Site "Madrid"]
[Date "2022.03.19"]
[Round "7"]
[White "Torres Rebolledo, Marcos"]
[Black "Vukotic Jovsic, Dragan"]
[Result "1-0"]
[WhiteElo "1478"]
[BlackElo "1834"]
[PlyCount "75"]
[EventDate "2022.03.03"]
[EventType "swiss"]
[EventRounds "9"]
[EventCountry "ESP"]
[SourceTitle "EXT 2023"]
[Source "ChessBase"]
[SourceDate "2022.10.05"]
[SourceVersion "1"]
[SourceVersionDate "2022.10.05"]
[SourceQuality "1"]

1. d4 c5 2. d5 d6 3. e4 e5 4. c4 f5 5. exf5 Bxf5 6. Bd3 e4 7. Qe2 Qe7 8. Bc2 Nf6 9. Nc3 a6 10. Bg5 Nbd7 11. 0-0-0 0-0-0 12. f3 exf3 13. Nxf3 Qxe2 14. Nxe2 Bxc2 15. Kxc2 Re8 16. Nf4 Ng4 17. Rde1 Nge5 18. Nxe5 Rxe5 19. Ne6 h6 20. Bf4 Rf5 21. Rhf1 g6 22. g4 Rf6 23. Bg3 Be7 24. Rxf6 Nxf6 25. h3 Kd7 26. Nf4 Rg8 27. Re6 b5 28. b3 g5 29. Ng2 h5 30. Ne3 hxg4 31. hxg4 Ne8 32. Nf5 Bf8 33. Kd2 Ng7 34. Rg6 bxc4 35. bxc4 Nxf5 36. Rxg8 Nxg3 37. Rxf8 Ne4+ 38. Kd3 1-0

[Event "Madrid-ch Previa-B"]
[Site "Madrid"]
[Date "2022.03.12"]
[Round "5"]
[White "Cabanas Bravo, Juan Andres"]
[Black "Vukotic Jovsic, Dragan"]
[Result "1-0"]
[WhiteElo "1903"]
[BlackElo "1834"]
[PlyCount "71"]
[EventDate "2022.03.03"]
[EventType "swiss"]
[EventRounds "9"]
[EventCountry "ESP"]
[SourceTitle "EXT 2023"]
[Source "ChessBase"]
[SourceDate "2022.10.05"]
[SourceVersion "1"]
[SourceVersionDate "2022.10.05"]
[SourceQuality "1"]

1. e4 c5 2. Nf3 e6 3. d4 cxd4 4. Nxd4 a6 5. Nc3 Qc7 6. g3 Nc6 7. Bg2 Bc5 8. Nxc6 bxc6 9. Qg4 Kf8 10. 0-0 h5 11. Qg5 Be7 12. Qe3 d5 13. e5 Bb7 14. Re1 Nh6 15. Qe2 Nf5 16. Nd1 a5 17. b3 c5 18. Nb2 h4 19. Nd3 hxg3 20. hxg3 c4 21. Nf4 Bc5 22. Qf3 Rb8 23. Qg4 Qb6 24. Re2 Nd4 25. Rd2 c3 26. Rd3 Nxc2 27. Rf3 Kg8 28. Nh5 Rxh5 29. Qxh5 g6 30. Qh4 Nxa1 31. Bh3 Bf8 32. Qf6 Qc7 33. Bxe6 fxe6 34. Qxe6+ Kh8 35. Rf7 Qc6 36. Qh3+ 1-0

[Event "Madrid-ch Final"]
[Site "Madrid"]
[Date "2021.05.27"]
[Round "6"]
[White "Vukotic Jovsic, Dragan"]
[Black "Rojas Pozo, Jose Luis"]
[Result "1-0"]
[WhiteElo "1859"]
[BlackElo "1875"]
[PlyCount "87"]
[EventDate "2021.05.22"]
[EventType "swiss"]
[EventRounds "7"]
[EventCountry "ESP"]
[SourceTitle "CBM 203 Extra"]
[Source "ChessBase"]
[SourceDate "2021.09.30"]
[SourceVersion "1"]
[SourceVersionDate "2021.09.30"]
[SourceQuality "1"]

1. d4 Nf6 2. Bf4 b6 3. f3 d5 4. e3 Bb7 5. c4 e6 6. Bd3 Bd6 7. Ne2 Nh5 8. Be5 Bxe5 9. dxe5 Qg5 10. g4 Qxe3 11. gxh5 Nd7 12. cxd5 Bxd5 13. Qd2 Qxf3 14. Ng3 Nxe5 15. Be2 Qg2 16. Nc3 Nf3+ 17. Bxf3 Qxd2+ 18. Kxd2 Bxf3 19. Rhg1 0-0-0+ 20. Ke3 Bb7 21. Nge4 Bxe4 22. Nxe4 g6 23. Ng5 Rd7 24. Rad1 f6 25. Rxd7 Kxd7 26. Nxh7 g5 27. Nxf6+ Ke7 28. Ne4 Rxh5 29. Rg2 e5 30. Nxg5 Rh4 31. Nf3 Ra4 32. a3 c5 33. Nxe5 b5 34. Rg4 c4 35. Kd4 Kf6 36. Nd7+ Kf5 37. Nc5 Rxa3 38. Rg5+ Kxg5 39. Ne4+ Kf4 40. bxa3 a5 41. Nc3 b4 42. Nd5+ Kf3 43. Nxb4 axb4 44. axb4 1-0

[Event "Madrid-ch sf"]
[Site "Madrid"]
[Date "2021.05.11"]
[Round "7"]
[White "Elissalt Cardenas, Hector"]
[Black "Vukotic Jovsic, Dragan"]
[Result "1/2-1/2"]
[WhiteElo "2281"]
[BlackElo "1859"]
[PlyCount "94"]
[EventDate "2021.05.05"]
[EventType "swiss"]
[EventRounds "9"]
[EventCountry "ESP"]
[SourceTitle "EXT 2022"]
[Source "ChessBase"]
[SourceDate "2021.10.06"]
[SourceVersion "1"]
[SourceVersionDate "2021.10.06"]
[SourceQuality "1"]

1. d4 d5 2. Bf4 Nf6 3. e3 e6 4. Nd2 c5 5. c3 Bd6 6. Bxd6 Qxd6 7. f4 cxd4 8. cxd4 Qb4 9. Qc1 0-0 10. a3 Qb6 11. Qc3 Bd7 12. Bd3 Rc8 13. Qb3 Rc6 14. Qxb6 Rxb6 15. b3 Rc6 16. Ngf3 Be8 17. Ke2 Nbd7 18. Rhc1 Rac8 19. Rxc6 Rxc6 20. h3 Rc3 21. Rb1 Nb8 22. Rb2 Kf8 23. g4 h6 24. Rc2 Rxc2 25. Bxc2 Bb5+ 26. Ke1 a5 27. Ne5 Nfd7 28. Ndf3 Nxe5 29. dxe5 Nc6 30. h4 Na7 31. Nd4 Bd7 32. Bd3 Ke7 33. Kd2 f6 34. Kc3 fxe5 35. fxe5 Nc6 36. Nxc6+ Bxc6 37. b4 axb4+ 38. Kxb4 b6 39. g5 hxg5 40. hxg5 Kd7 41. Bb5 Kc7 42. Bxc6 Kxc6 43. g6 b5 44. Kb3 Kc5 45. Kc3 Kc6 46. Kb3 Kc5 47. Kc3 Kc6 1/2-1/2

[Event "Madrid-ch Previa-A"]
[Site "Madrid"]
[Date "2021.02.16"]
[Round "5"]
[White "Vukotic Jovsic, Dragan"]
[Black "Alonso Pardo, Daniel"]
[Result "1-0"]
[WhiteElo "1879"]
[BlackElo "1568"]
[PlyCount "83"]
[EventDate "2021.02.08"]
[EventType "swiss"]
[EventRounds "9"]
[EventCountry "ESP"]
[SourceTitle "EXT 2022"]
[Source "ChessBase"]
[SourceDate "2021.10.06"]
[SourceVersion "1"]
[SourceVersionDate "2021.10.06"]
[SourceQuality "1"]

1. d4 d5 2. Bf4 Nf6 3. e3 a6 4. Nf3 Bg4 5. Be2 Nc6 6. 0-0 e6 7. Nbd2 Bd6 8. Ne5 Bxe2 9. Qxe2 Bxe5 10. dxe5 Nd7 11. e4 0-0 12. exd5 exd5 13. Nf3 Qe7 14. Rad1 Nb6 15. Rfe1 Rfe8 16. c3 h6 17. Kf1 Rad8 18. b3 Qe6 19. Nd4 Nxd4 20. cxd4 Qf5 21. Qd2 Re6 22. Rc1 Rc8 23. Rc5 c6 24. Qc1 Nd7 25. Rxd5 Nf8 26. Rd6 Rce8 27. Bg3 Kh7 28. Qb1 Qxb1 29. Rxb1 Rxd6 30. exd6 Ne6 31. Rd1 Rd8 32. d5 cxd5 33. Rxd5 Rd7 34. f4 f6 35. h4 Kg8 36. f5 Kf7 37. fxe6+ Kxe6 38. Rc5 g6 39. Bh2 h5 40. Ke2 Kf7 41. Kd3 Ke6 42. Kd4 1-0

[Event "Madrid-ch Previa-A"]
[Site "Madrid"]
[Date "2021.02.15"]
[Round "4"]
[White "Morera Rodriguez, Ignacio"]
[Black "Vukotic Jovsic, Dragan"]
[Result "1-0"]
[WhiteElo "1924"]
[BlackElo "1879"]
[PlyCount "39"]
[EventDate "2021.02.08"]
[EventType "swiss"]
[EventRounds "9"]
[EventCountry "ESP"]
[SourceTitle "EXT 2022"]
[Source "ChessBase"]
[SourceDate "2021.10.06"]
[SourceVersion "1"]
[SourceVersionDate "2021.10.06"]
[SourceQuality "1"]

1. d4 d5 2. c4 e6 3. Nf3 Nf6 4. g3 Be7 5. Bg2 0-0 6. 0-0 c6 7. Qc2 a5 8. Nbd2 Na6 9. a3 b5 10. c5 b4 11. e4 dxe4 12. Nxe4 Nxe4 13. Qxe4 Qd5 14. Ne5 Bb7 15. Qg4 Qb3 16. Bh6 Bf6 17. Nd7 Kh8 18. Nxf6 gxh6 19. Qe4 Kg7 20. Nh5+ 1-0

[Event "Madrid-ch final"]
[Site "Madrid"]
[Date "2020.07.18"]
[Round "1"]
[White "Gago Padreny, Ignacio"]
[Black "Vukotic Jovsic, Dragan"]
[Result "1-0"]
[WhiteElo "2289"]
[BlackElo "1905"]
[PlyCount "55"]
[EventDate "2020.07.18"]
[EventType "swiss"]
[EventRounds "7"]
[EventCountry "ESP"]
[SourceTitle "EXT 2021"]
[Source "ChessBase"]
[SourceDate "2020.10.23"]
[SourceVersion "1"]
[SourceVersionDate "2020.10.23"]
[SourceQuality "1"]

1. d4 Nf6 2. c4 d5 3. Nc3 e6 4. cxd5 exd5 5. Bg5 Be7 6. e3 0-0 7. Bd3 c6 8. Nge2 Ne4 9. Bf4 Bf5 10. 0-0 Bd6 11. Rb1 Na6 12. f3 Nxc3 13. bxc3 Bxd3 14. Qxd3 Rb8 15. e4 Bxf4 16. Nxf4 Nc7 17. Ne2 b5 18. Ng3 Rb6 19. e5 Ra6 20. Rb2 Ra3 21. f4 a5 22. Qc2 f6 23. Rbb1 fxe5 24. fxe5 Rxf1+ 25. Rxf1 b4 26. Qf5 Qe7 27. Qc8+ Ne8 28. Nf5 1-0

[Event "Madrid-ch Previa-B"]
[Site "Madrid"]
[Date "2020.02.28"]
[Round "8"]
[White "Santamaria Baeza, Adolfo"]
[Black "Vukotic Jovsic, Dragan"]
[Result "0-1"]
[WhiteElo "1857"]
[BlackElo "1886"]
[PlyCount "140"]
[EventDate "2020.02.06"]
[EventType "swiss"]
[EventRounds "9"]
[EventCountry "ESP"]
[SourceTitle "CBM 195 Extra"]
[Source "ChessBase"]
[SourceDate "2020.05.31"]
[SourceVersion "1"]
[SourceVersionDate "2020.05.31"]
[SourceQuality "1"]

1. e4 c5 2. Nf3 e6 3. Bc4 Nc6 4. 0-0 Be7 5. a3 Qc7 6. Nc3 a6 7. Re1 Nf6 8. d3 d6 9. Bf4 e5 10. Be3 Bg4 11. Bd5 Nd4 12. Bxd4 cxd4 13. Ne2 Nxd5 14. exd5 Bxf3 15. gxf3 Qb6 16. c3 dxc3 17. Qa4+ Kf8 18. bxc3 Qc5 19. Qb3 b5 20. d4 exd4 21. Nxd4 Bf6 22. Re4 Rc8 23. Rae1 g6 24. R1e3 h5 25. Nc6 h4 26. Qb4 Qxd5 27. Ne7 Bxe7 28. Rxe7 Rh5 29. h3 Rg5+ 30. Kf1 Qd1+ 31. Re1 Qd3+ 32. R1e2 Rc4 33. R7e3 Qd5 34. Qa5 Qf5 35. Qd8+ Kg7 36. Qxd6 Qxh3+ 37. Ke1 Qh1+ 38. Kd2 Rg1 39. Qe5+ Kh7 40. Re4 Qxf3 41. R4e3 Qh1 42. Re4 Rd1+ 43. Ke3 Rxe4+ 44. Qxe4 Qxe4+ 45. Kxe4 Ra1 46. f4 Rxa3 47. Kd4 Ra4+ 48. Ke5 f6+ 49. Kxf6 Rxf4+ 50. Kg5 Rf5+ 51. Kxh4 Rc5 52. Re6 a5 53. Ra6 a4 54. Ra5 Kh6 55. Kg4 Rc4+ 56. Kg3 Rxc3+ 57. Kg4 Rc5 58. Kh4 g5+ 59. Kg4 Rc4+ 60. Kg3 Rb4 61. Ra8 Kg6 62. Rg8+ Kf6 63. Kf3 g4+ 64. Kg3 Ke6 65. Rg5 a3 66. Rg6+ Kf5 67. Ra6 Ra4 68. Rb6 b4 69. Rb5+ Ke4 70. Rb8 a2 0-1

[Event "Madrid-ch Previa-B"]
[Site "Madrid"]
[Date "2020.02.08"]
[Round "3"]
[White "Vukotic Jovsic, Dragan"]
[Black "De Dompablo Fantova, Juan"]
[Result "1-0"]
[WhiteElo "1886"]
[BlackElo "1664"]
[PlyCount "109"]
[EventDate "2020.02.06"]
[EventType "swiss"]
[EventRounds "9"]
[EventCountry "ESP"]
[SourceTitle "CBM 195 Extra"]
[Source "ChessBase"]
[SourceDate "2020.05.31"]
[SourceVersion "1"]
[SourceVersionDate "2020.05.31"]
[SourceQuality "1"]

1. d4 d6 2. Nf3 Nf6 3. Bf4 g6 4. e3 Bg7 5. h3 0-0 6. c4 Nc6 7. Nc3 Nd7 8. Be2 e5 9. dxe5 dxe5 10. Bh2 f5 11. 0-0 Ne7 12. b4 a5 13. a3 axb4 14. axb4 Rxa1 15. Qxa1 c6 16. Rd1 Qe8 17. c5 h6 18. Bc4+ Kh7 19. Ne2 Ng8 20. Qa2 b6 21. Qa7 bxc5 22. bxc5 Ngf6 23. Qc7 Ne4 24. Qxc6 Ndxc5 25. Bb5 Qe7 26. Rc1 Rd8 27. Bxe5 Bxe5 28. Nxe5 Qxe5 29. f3 Nf6 30. Qxc5 Qxc5 31. Rxc5 h5 32. Nd4 Kh6 33. h4 Bd7 34. Bxd7 Rxd7 35. Rc6 Kg7 36. Rc7 Rxc7 37. Ne6+ Kf7 38. Nxc7 Ke7 39. Kf2 Kd6 40. Nb5+ Kc5 41. Nd4 Kd5 42. Ne2 Ke6 43. Nf4+ Kf7 44. Ke2 Nd7 45. Kd3 Kf6 46. Kd4 Nf8 47. Kd5 g5 48. hxg5+ Kxg5 49. Ne6+ Nxe6 50. Kxe6 f4 51. e4 Kh4 52. Kf5 Kg3 53. e5 h4 54. e6 h3 55. gxh3 1-0

[Event "Madrid-ch Seniors 50"]
[Site "Madrid"]
[Date "2020.01.17"]
[Round "5"]
[White "Martinez Miura, Enrique"]
[Black "Vukotic Jovsic, Dragan"]
[Result "1/2-1/2"]
[WhiteElo "1561"]
[BlackElo "1918"]
[PlyCount "93"]
[EventDate "2020.01.13"]
[EventType "swiss"]
[EventRounds "9"]
[EventCountry "ESP"]
[SourceTitle "CBM 194 Extra"]
[Source "ChessBase"]
[SourceDate "2020.03.31"]
[SourceVersion "1"]
[SourceVersionDate "2020.03.31"]
[SourceQuality "1"]

1. e4 e5 2. Nf3 d6 3. d4 Qe7 4. dxe5 dxe5 5. h3 Nf6 6. Nc3 c6 7. Bd3 g6 8. 0-0 Bg7 9. Be3 0-0 10. Qd2 Rd8 11. Rad1 Nbd7 12. Qc1 Nc5 13. Bh6 Nxd3 14. cxd3 Ne8 15. Bxg7 Nxg7 16. d4 exd4 17. Rxd4 Rxd4 18. Nxd4 Be6 19. Nxe6 Nxe6 20. Rd1 Nc5 21. Qe3 Re8 22. b4 Ne6 23. a3 a5 24. Qb6 axb4 25. axb4 Ra8 26. b5 Rc8 27. bxc6 bxc6 28. Ra1 Qf6 29. Qb7 Rd8 30. Qxc6 Rd2 31. Rf1 Qd4 32. Nb5 Qe5 33. Qc3 Qg5 34. h4 Qd8 35. g3 Rd3 36. Qe5 Qb6 37. Kg2 Qa5 38. Ra1 Qd8 39. Rb1 Qf8 40. Na7 Rd8 41. Nc6 Qd6 42. Qxd6 Rxd6 43. Rb8+ Kg7 44. Ne5 Nc5 45. f3 Rd2+ 46. Kf1 Nd3 47. Nxd3 1/2-1/2

[Event "Madrid-ch Previa-B"]
[Site "Madrid"]
[Date "2019.02.08"]
[Round "4"]
[White "Rojas Pozo, Jose Luis"]
[Black "Vukotic Jovsic, Dragan"]
[Result "1/2-1/2"]
[WhiteElo "1969"]
[BlackElo "1925"]
[PlyCount "88"]
[EventDate "2019.02.01"]
[EventType "swiss"]
[EventRounds "9"]
[EventCountry "ESP"]
[SourceTitle "CBM 189 Extra"]
[Source "ChessBase"]
[SourceDate "2019.06.03"]
[SourceVersion "1"]
[SourceVersionDate "2019.06.03"]
[SourceQuality "1"]

1. d4 e6 2. c4 d5 3. Nf3 Be7 4. Nc3 Nf6 5. Bf4 c6 6. c5 b6 7. b4 a5 8. a3 axb4 9. axb4 Rxa1 10. Qxa1 Na6 11. Qa4 0-0 12. e3 b5 13. Qa3 Nh5 14. Bd3 Nxf4 15. exf4 Qc7 16. g3 f6 17. 0-0 Re8 18. Ra1 Bb7 19. Re1 Ra8 20. Qb2 Bc8 21. Qb1 f5 22. Re2 Bf6 23. Ra2 Bd7 24. Ne5 Bxe5 25. dxe5 Qb7 26. Ne2 g6 27. Nd4 Nc7 28. Qa1 Rxa2 29. Qxa2 Qa6 30. Qxa6 Nxa6 31. Nc2 h6 32. Kf1 g5 33. fxg5 hxg5 34. f4 gxf4 35. gxf4 Be8 36. Be2 Bf7 37. Ke1 Kg7 38. Kd2 Kh6 39. Kc3 Be8 40. Nd4 Bd7 41. Nc2 Nc7 42. Nd4 Kg6 43. Kd2 Kh6 44. Kc2 Na6 1/2-1/2

[Event "Madrid-ch Previa-B"]
[Site "Madrid"]
[Date "2019.02.07"]
[Round "3"]
[White "Vukotic Jovsic, Dragan"]
[Black "Martin Arbeloa, Fernando"]
[Result "0-1"]
[WhiteElo "1925"]
[BlackElo "1913"]
[PlyCount "98"]
[EventDate "2019.02.01"]
[EventType "swiss"]
[EventRounds "9"]
[EventCountry "ESP"]
[SourceTitle "CBM 189 Extra"]
[Source "ChessBase"]
[SourceDate "2019.06.03"]
[SourceVersion "1"]
[SourceVersionDate "2019.06.03"]
[SourceQuality "1"]

1. d4 Nf6 2. Nf3 d5 3. Bf4 c5 4. e3 Nc6 5. c3 Qb6 6. Qb3 c4 7. Qxb6 axb6 8. Na3 Bf5 9. Nb5 Ra5 10. Nc7+ Kd7 11. Nh4 Bc2 12. Be2 g5 13. Bxg5 Kxc7 14. Kd2 Ne4+ 15. Kxc2 Nxg5 16. Bh5 f6 17. f3 Ne6 18. Nf5 Ng7 19. Nxg7 Bxg7 20. a3 Bh6 21. f4 Raa8 22. Bf7 Kd6 23. Raf1 Rhf8 24. Bh5 e5 25. g4 exf4 26. exf4 Rad8 27. h4 f5 28. g5 Bg7 29. Rh2 Rd7 30. Kd2 Re7 31. Re2 Rxe2+ 32. Bxe2 Nd8 33. Bh5 Ne6 34. Ke3 Rd8 35. Kf3 Rd7 36. Rf2 Re7 37. Kg3 Nf8 38. Bf3 b5 39. h5 h6 40. Bd1 Re3+ 41. Rf3 Rxf3+ 42. Kxf3 Nd7 43. Bc2 Ke6 44. Ke3 Nb6 45. Bd1 Bf8 46. Bc2 Nc8 47. a4 bxa4 48. Bxa4 Nd6 49. b4 Ne4 0-1

[Event "Madrid-ch Seniors 50"]
[Site "Madrid"]
[Date "2019.01.09"]
[Round "3"]
[White "Olmos Sanz, Francisco J"]
[Black "Vukotic Jovsic, Dragan"]
[Result "0-1"]
[WhiteElo "1574"]
[BlackElo "1959"]
[PlyCount "32"]
[EventDate "2019.01.07"]
[EventType "swiss"]
[EventRounds "9"]
[EventCountry "ESP"]
[SourceTitle "CBM 188 Extra"]
[Source "ChessBase"]
[SourceDate "2019.02.26"]
[SourceVersion "1"]
[SourceVersionDate "2019.02.26"]
[SourceQuality "1"]

1. c4 e6 2. Nc3 Nf6 3. Nf3 d5 4. cxd5 exd5 5. d3 Be7 6. Bd2 0-0 7. e3 c5 8. d4 cxd4 9. Nxd4 Nc6 10. Nb3 a5 11. Nb5 Ne4 12. a3 Bf6 13. N3d4 Nxd4 14. exd4 Re8 15. Be3 Bg5 16. Be2 Bxe3 0-1

[Event "San Sebastian de los Reyes op 20th"]
[Site "San Sebastian"]
[Date "2018.12.07"]
[Round "7"]
[White "Vukotic Jovsic, Dragan"]
[Black "Vazquez Gonzalez, Jesus"]
[Result "1-0"]
[WhiteElo "1935"]
[BlackElo "1923"]
[PlyCount "47"]
[EventDate "2018.12.01"]
[EventType "swiss"]
[EventRounds "9"]
[EventCountry "ESP"]
[SourceTitle "CBM 187 Extra"]
[Source "ChessBase"]
[SourceDate "2018.11.04"]
[SourceVersion "1"]
[SourceVersionDate "2018.11.04"]
[SourceQuality "1"]

1. d4 c5 2. c3 Nf6 3. Nf3 e6 4. Bf4 Qb6 5. Qb3 Qxb3 6. axb3 Nc6 7. e3 Nh5 8. Bc7 cxd4 9. Nxd4 Nxd4 10. exd4 Nf6 11. Na3 Nd5 12. Nb5 a6 13. Bc4 Nf6 14. d5 exd5 15. 0-0 Bc5 16. Rfe1+ Kf8 17. b4 Be7 18. Bb3 g6 19. Rxe7 axb5 20. Rxf7+ Kxf7 21. Rxa8 Re8 22. f4 Re2 23. Be5 Rxb2 24. Bxf6 1-0

[Event "San Sebastian de los Reyes op 20th"]
[Site "San Sebastian"]
[Date "2018.12.06"]
[Round "6"]
[White "Perez Gonzalez, Jose Manuel"]
[Black "Vukotic Jovsic, Dragan"]
[Result "1-0"]
[WhiteElo "2221"]
[BlackElo "1935"]
[PlyCount "49"]
[EventDate "2018.12.01"]
[EventType "swiss"]
[EventRounds "9"]
[EventCountry "ESP"]
[SourceTitle "CBM 187 Extra"]
[Source "ChessBase"]
[SourceDate "2018.11.04"]
[SourceVersion "1"]
[SourceVersionDate "2018.11.04"]
[SourceQuality "1"]

1. e4 e5 2. Nc3 Nf6 3. g3 d5 4. exd5 Nxd5 5. Bg2 Be6 6. Nge2 Nc6 7. 0-0 Be7 8. d4 Nxd4 9. Nxd4 exd4 10. Qxd4 Nxc3 11. Qxc3 0-0 12. Be3 c6 13. Rad1 Qc8 14. Bd4 f6 15. Rfe1 Re8 16. Bc5 Bxc5 17. Qxc5 Qc7 18. Be4 Qb6 19. Qh5 Qxb2 20. Bxh7+ Kf8 21. Bg6 Re7 22. Qh8+ Bg8 23. Rxe7 Kxe7 24. Qxg7+ Ke6 25. Qd7+ 1-0